000 02441nam a2200409 a 4500
003 AR-BeUNQ
005 20240827144103.0
008 230602s2018 ag ao j fn f000 0 spa d
020 _a978950131721
040 _aAR-BeUNQ
_cAR-BeUNQ
_eaacr
_bspa
082 0 4 _a407
_221
100 1 _aPInasco, Julieta
245 1 0 _aNuevo activados :
_bprácticas del lenguaje 1 /
_c[autoría Julieta Pinasco]
246 0 0 _aPrácticas del lenguaje
260 _aSan Isidro :
_bPuerto de Palos,
_c2018
300 _a[176] p. :
_bil. ; fot. ;
_c28 cm
500 _aEducación secundaria
505 0 _acap. 1. Conceptos esenciales -- cap. 1. El cuento realista y la crónica periodística -- cap. 2. El relato maravilloso, el chat y el correo electrónico -- cap. 3. El cuento fantástico y el libro escolar -- cap. 4. El mito y el texto de divulgación científica -- cap. 5. La fábula, el apólogo y la carta de lector -- cap. 6. La novela de aventuras, el diario de viajes y el blog de viajes -- cap. 7. La poesía y la biografía -- cap. 8. El teatro y el texto instruccional.
650 _aLengua escolarizada
_2tell
650 _aLiteratura
_2unescot
650 7 _aCuento
_2ttll
650 7 _aRelato
_2ttll
650 7 _aMito
_2ttll
650 7 _aPoesía
_2ttll
650 7 _aTeatro
_2ttll
929 _aCOMPRA
_bCiencia y Técnica
_cCompra 2023 Exp. 827-2000/2023
_d14500
_e20240116
_h1
_j62456
_fPAT0081251
929 _aCOMPRA
_bCiencia y Técnica
_cCompra 2023 Exp. 827-2000/2023
_d14500
_e20240116
_h2
_j62457
_fPAT0081252
929 _aCOMPRA
_bCiencia y Técnica
_cCompra 2023 Exp. 827-2000/2023
_d14500
_e20240116
_h3
_j62458
_fPAT0081253
929 _aCOMPRA
_bCiencia y Técnica
_cCompra 2023 Exp. 827-2000/2023
_d14500
_e20240116
_h4
_j62459
_fPAT0081254
929 _aCOMPRA
_bCiencia y Técnica
_cCompra 2023 Exp. 827-2000/2023
_d14500
_e20240116
_h5
_j62460
_fPAT0081255
929 _aCOMPRA
_bCiencia y Técnica
_cCompra 2023 Exp. 827-2000/2023
_d14500
_e20240116
_h6
_j62461
_fPAT0081256
929 _aCOMPRA
_bCiencia y Técnica
_cCompra 2023 Exp. 827-2000/2023
_d14500
_e20240116
_h7
_j62462
_fPAT0081257
929 _aCOMPRA
_bCiencia y Técnica
_cCompra 2023 Exp. 827-2000/2023
_d14500
_e20240116
_h8
_j62463
_fPAT0081258
929 _aCOMPRA
_bCiencia y Técnica
_cCompra 2023 Exp. 827-2000/2023
_d14500
_e20240116
_h9
_j62464
_fPAT0081259
929 _aCOMPRA
_bCiencia y Técnica
_cCompra 2023 Exp. 827-2000/2023
_d14500
_e20240116
_h10
_j62465
_fPAT0081260
942 _cLIB
999 _c1034
_d1034